Представление документа в формате RUSMARC

ПолеНазваниеЗначение
  Тип записи a
  Библиографический уровень m
001 Контрольный номер RU/SLIB/B/208701773
005 Дата корректировки 20241107101636.7
010 Индекс ISBN __
d Цена 42-00
101 Язык документа 0_
a Язык текста rus
c Язык оригинала rus
200 Заглавие и сведения об ответственности 0_
a Заглавие Ключ к действующим правилам и процедурам в сфере внешнеэкономической деятельности (изм. в гос. регулировании в 1987-1996 гг.)
f Первые сведения об ответственности под ред. С. И. Долгова ; Всерос. акад. внеш. торговли ; Акад. эконом. наук и предпринимат. деятельности России
b Общее обозначение материала Текст
210 Выходные данные 1_
a Место издания М.
c Издательство [б. и.]
d Дата издания 1996
215 Физическое описание __
a Объем 297 с.
606 Тематические рубрики __
a Основная рубрика Экономика
606 Тематические рубрики __
a Основная рубрика Право
z Хронологическая подрубрика 20 в.
y Географическая подрубрика Россия
606 Тематические рубрики __
a Основная рубрика Экономика торговли
606 Тематические рубрики __
a Основная рубрика Экономика России
606 Тематические рубрики __
a Основная рубрика Гражданское право в целом
610 Ключевые слова 0_
a Ключевые слова внешнеторговые сделки; внешнеэкономические связи; внешнеэкономическая деятельность; международная торговля; международные экономические организации; международное сотрудничество; торговые отношения
686 Индексы других классификаций __
2 Код системы rubbks
a Классификационный индекс 65.428(2Рос)
686 Индексы других классификаций __
a Классификационный индекс 65.9(2Рос)8
686 Индексы других классификаций __
a Классификационный индекс 67.404(2Рос)
702 Вторичная интеллектуальная ответственность _1
a Фамилия Долгов
b Имя С. И.
4 Код отношения Редактор
4 Код отношения 340
801 Источник записи _0
a Страна RU
b Организация Муниципальное бюджетное учреждение культуры "Централизованная библиотечная система" г. Сургут (Центральная городская библиотека им. А. С. Пушкина)
g Правила каталогизации ОБ/Смолякова
801 Источник записи _1
a Страна RU
b Организация Муниципальное бюджетное учреждение культуры "Централизованная библиотечная система" г. Сургут (Центральная городская библиотека им. А. С. Пушкина)
g Правила каталогизации ОБ/Смолякова
852 Данные о местонахождении __
j Шифр хранения 65.428(2Рос)
c Каталожный индекс 65.428(2Рос); 65.9(2Рос)8; 67.404(2Рос)
i Авторский знак К 52
p Инвентарный номер 71456
901 Тип документа __
t Тип документа m
903 Характеристики (МАРС) __
a Дата передачи 19990323
990 Данные о заказе (DOS) 00
j Количество экземпляров (DOS) 1
t N записи в КСУ для И/У (DOS) 199901